| 000 -ლიდერი |
| ფიქსირებული სიგრძის საკონტროლო ველი |
01225nam a22001937a 4500 |
| 003 - საკონტროლო ნომრის იდენტიფიკატორი |
| საკონტროლო ველი |
Ge_BSU |
| 005 - ბოლო ოპერაციის თარიღი და დრო |
| საკონტროლო ველი |
20221122154042.0 |
| 008 - ფიქსირებული სიგრძის მონაცემთა ელემენტები - ზოგადი ინფორმაცია |
| ფიქსირებული სიგრძის საკონტროლო ველი |
221122s1986ge xxu||||| |||| 00| 0 geo d |
| 041 ## - ენის კოდი |
| Language code of text/sound track or separate title |
geo |
| 080 ## - უნივერსალური ათობითი კლასიფიკაციის ინდექსი |
| Universal Decimal Classification number |
821.162.1-1 მ-72 |
| 100 ## - მთავარი ჩანაწერი - პიროვნების სახელი |
| Personal name |
მიცკევიჩი, ადამ, ავტ. |
| 9 (RLIN) |
15997 |
| 245 ## - ცნობა სათაურის შესახებ |
| Title |
რჩეული თხზულებანი : |
| Remainder of title |
კრებული / |
| Statement of responsibility, etc |
შეადგინა, რედ. გაუკეთა, წინასიტყვ. და შენიშვნები დაურთო ი. ქემერტელიძემ |
| 264 ## - წარმოების, გამოცემის, დისტრიბუციის და სხვა ცნობები |
| გამოცემის, წარმოების, დისტრიბუციის... ადგილი |
თბილისი: |
| გამოცემის, წარმოების, დისტრიბუციის... სახელწოდება |
საბჭ. საქართველო, |
| გამოცემის, წარმოების, დისტრიბუციის... თარიღი |
1986. |
| 300 ## - ფიზიკური აღწერა |
| Extent |
734 გვ. : |
| Other physical details |
პორტრ. ; |
| Dimensions |
22 სმ. |
| 440 ## - სერიის ცნობა / დამატებულია ჩანაწერი - სათაური |
| Title |
მსოფლიო ლიტერატურის ბიბლიოთეკა ; ტ. 37 |
| 9 (RLIN) |
15998 |
| 653 ## - INDEX TERM--UNCONTROLLED |
| Uncontrolled term |
ბალადები და რომანსები, სონეტები. ყირიმული სონეტები. ლექსები, ბალადები. |
| 700 ## - ADDED ENTRY--PERSONAL NAME |
| Personal name |
ქემერტელიძე, ი |
| Relator term |
წინასიტყვ. და შენიშვნები დაურთო |
| 9 (RLIN) |
3760 |
| 942 ## - ADDED ENTRY ELEMENTS (KOHA) |
| Source of classification or shelving scheme |
|
| Koha item type |
წიგნი |